| 000 | 00000nam##2200000za#4500 |
| 001 | 9.580023 |
| 003 | CaOODSP |
| 005 | 20210624190835 |
| 007 | cr ||||||||||| |
| 008 | 150406|2005||||xxc|||||o f|0| 0 eng|d |
| 022 | |a1488-5387 |
| 040 | |aCaOODSP|beng |
| 043 | |an-cn--- |
| 086 | 1 |aFs97-4/2721E-PDF |
| 110 | 1 |aCanada. |bDepartment of Fisheries and Oceans. |
| 245 | 10|aStrait of Georgia spiny dogfish (squalus acanthias) longline survey : |h[electronic resource]|bhook comparison study, November 12-25, 2004 / |cby G.A. Mcfarlane ... [et al.] |
| 260 | |aNanaimo - British Columbia : |bFisheries and Oceans Canada |c2005. |
| 300 | |a25p.|bfigs., references, tables |
| 490 | 1 |aCanadian manuscript report of fisheries and aquatic sciences|x1488-5387|vNo. 2721 |
| 500 | |aOn t.p.: Pacific Biological Station, Nanaimo, British Columbia. The catalogue number and ISSN for the print edition appear in the PDF version. |
| 546 | |a(Résumés en français) |
| 590 | |a14-13-Supp|b2014-06-23 |
| 720 | 1 |aMcFarlane, G. A. |
| 776 | 0#|tStrait of Georgia spiny dogfish (squalus acanthias) longline survey : |w(CaOODSP)9.617446 |
| 830 | #0|aCanadian manuscript report of fisheries and aquatic sciences,|x1488-5387|vNo. 2721|w(CaOODSP)9.505211 |
| 856 | 40|ahttp://publications.gc.ca|qPDF|s868 KB|uhttps://publications.gc.ca/collections/collection_2014/mpo-dfo/Fs97-4-2721-eng.pdf|yNo. 2721 |